Jeux de A à Z par images - Statistiques

Statistiques générales
  • Ce quiz a été pris 1 414 fois
  • Le résultat moyen est 19 sur 26
Statistiques - réponses
Par images Hint Réponse % Correct
D Les dominos
99%
E Les échecs
99%
F Les fléchettes
98%
M Monopoly
97%
U Uno
96%
B La bonne paye
95%
K Koh-Lanta
94%
S Scrabble
94%
C Cluedo
93%
Q Les quilles
93%
V Voleur
92%
P Puissance 4
91%
J JetPunk
90%
H Hula hoop
83%
L Labyrinthe
83%
T Trivial pursuit
79%
G Gendarme
69%
O Les osselets
63%
R Risk
61%
Y Yam's
59%
X Xéna la guerrière
43%
I Les incollables
41%
N Nain jaune
38%
A Abalone
29%
W Wazabi
20%
Z Zombie kidz
10%
Aucun quiz correspondant
Distribution des résultats
% des personnes avec chaque résultat
Percentile par nombre de réponses
Votre historique - résultats
Vous n’avez pas pris ce quiz